000 01119cam a2200217 4500
001 7359
005 20181127183457.0
008 041018s2005 coua b 001 0 eng
010 _a 2004024309
020 _a1588263444 (hardcover : alk. paper)
082 0 0 _a330.95
_222
100 1 _aYap, O. Fiona,
_d1962-
245 1 0 _aCitizen power, politics, and the ""Asian miracle"" :
_breassessing the dynamics /
_cO. Fiona Yap.
260 _aBoulder :
_bL. Rienner Publishers,
_c2005.
300 _aviii, 187 p. :
_bill. ;
_c24 cm.
504 _aIncludes bibliographical references (p. 157-175) and index.
505 0 _aThe relevance of citizen cooperation -- Politics and economics in Taiwan, South Korea, Singapore, and Malaysia -- Beyond the ""Asian miracle"" : testing for economic bargaining -- Cases of motivation : increasing accountability and transparency -- Cases of cooperation : when and why citizens invest resources -- Dynamics political economy through accountability and responsiveness.
650 0 _aPolitical participation
_zAsia.
651 0 _aAsia
_xEconomic policy.
999 _c6279
_d6279